000 00274nam a22001217a 4500
008 180124b xxu||||| |||| 00| 0 eng d
041 _aeng
080 _a612.39
100 _a10
101 _aNUT
245 _aFocus on tableservice techniques
_cAxler,B.H
942 _2udc
_cBK
999 _c40882
_d40882